The evolution of designs : biological analogy in architecture and the applied arts /

Bibliographic Details
Main Author: Steadman, Philip, 1942-
Format: Book
Language:English
Published: Cambridge ; New York : Cambridge University Press, 1979.
Series:Cambridge urban and architectural studies ; no. 5.
Subjects:

MARC

Tag First Indicator Second Indicator Subfields
LEADER 00000pam a2200000 i 4500
001 in00000458613
005 20151012093438.0
008 780601s1979 maua b 00110 eng
010 |a  78018255  
020 |a 0521223034 
035 |a (OCoLC)04003491 
035 |9 ABY8408AM 
040 |a DLC  |c DLC  |d TXA  |d UtOrBLW 
049 |a TXAM  |c [1420573] 
050 0 0 |a NA2500  |b .S74 
082 0 |a 720/.1 
100 1 |a Steadman, Philip,  |d 1942- 
245 1 4 |a The evolution of designs :  |b biological analogy in architecture and the applied arts /  |c Philip Steadman. 
264 1 |a Cambridge ;  |a New York :  |b Cambridge University Press,  |c 1979. 
300 |a x, 276 pages :  |b illustrations ;  |c 24 cm. 
336 |a text  |b txt  |2 rdacontent 
337 |a unmediated  |b n  |2 rdamedia 
338 |a volume  |b nc  |2 rdacarrier 
490 1 |a Cambridge urban and architectural studies ;  |v 5 
504 |a Includes bibliographical references and index. 
650 0 |a Architecture  |x Philosophy. 
650 0 |a Architectural design. 
650 0 |a Nature (Aesthetics) 
830 0 |a Cambridge urban and architectural studies ;  |v no. 5. 
999 |a MARS 
999 f f |s cbdab93f-8bc8-3adf-8596-9aabaefac3b4  |i a47c03fe-42d6-3a61-a671-fc4d7b434dbc  |t 0 
952 f f |p normal  |a Texas A&M University  |b College Station  |c Sterling C. Evans Library  |d Evans: Library Stacks  |t 0  |e NA2500 .S74  |h Library of Congress classification  |i unmediated -- volume  |m A14803428911 
998 f f |a NA2500 .S74  |t 0  |l Evans: Library Stacks